000 00672nam a2200217Ia 4500
001 13718
003 GE_BSU
008 181216s||||||||xx |||||||||||||| ||und||
040 _cGE_BSU
080 _a624.15
100 _aЦытович,Н.А. Березанцев,В.Г. Далматов,Б.И. и др.
245 _aОснования и фундаменты (краткий курс).
245 _bУчебник.
245 _cПод ред. Н.А.Цытовича.
260 _aМ.
260 _bВысшая школа.
260 _c1970.
300 _a384 стр. 22см. с илл.
653 _aОснования и фундаменты.
942 _cBK
999 _c46866
_d46866